01467aga a2200385 450000500170000000800370001702000180005404100080007208200180008024500790009825000180017730000660019549000460026150000460030765000510035365000330040465000770043770000340051470000380054870000380058670000340062470000450065870000380070370000400074170000340078170000370081570000350085294200130088726400430090033600270094333700330097033800280100304000350103199900150106620220317001835.0170410s2010 c g 000 0 s a9789587470567 aENG04a791.4367bD3200a10 películas fantasía, fantasmas, brujas y diabloshvideodisco digital a1a. edición a6 DVDbsonido, en blanco y negroc12 cmdlibro (56 páginas) aCine club películas para coleccionistas aPelículas con subtítulos en español142LEMBaCine fantásticovVideodiscosySiglo XX142LEMBaFantasmasvVideodiscos142LEMBaPelículas cinematográficasvColeccionesvVideodiscosySiglo XX1 aLang, Fritzd1890-19769777971 aLubitsch, Ernstd1892-19479777981 aMayo, Archie L.d1891-19689777991 aClair, Rened1898-19819778001 aMankiewicz, Joseph Leod1909-19339777821 aHall, Alexanderd1894-19689777831 aSeaton, George C.d1911-19719777841 aClair, Rened1898-19819778001 aQuine, Richardd1920-19899777851 aLang, Walterd1896-1972977786 2ddccDVD aBogotábFonolibros de Colombiac2010 atextobtxt2rdacontent asin mediaciónbn2rdamedia avolumenbnc2rdacarrier aCO-BoRNBPbspaerdacCO-BoRNBP c8270d8270